[Event "European Blitz 2015"]
[Site "Minsk BLR"]
[Date "2015.12.18"]
[Round "6.19"]
[White "Chigaev, Maksim"]
[Black "Kocheev, Aleksandr"]
[Result "1-0"]
[WhiteTitle "IM"]
[WhiteElo "2526"]
[BlackElo "2355"]
[WhiteFideId "4108116"]
[BlackFideId "13507842"]
[EventDate "2015.12.18"]
[EventType "swiss (blitz)"]

1. e4 e5 2. Nf3 Nc6 3. Nc3 Nf6 4. g3 d5 5. exd5 Nxd5 6. Bg2 Nxc3 7. bxc3 Bc5 8.
O-O O-O 9. Re1 Qf6 10. Rb1 Bb6 11. d3 h6 12. Qe2 Re8 13. Nd2 Be6 14. a4 Rad8 15.
Ba3 Bd5 16. Ne4 Qg6 17. Rb5 Be6 18. Nc5 Bc8 19. Ne4 f5 20. Nd2 Bd7 21. Nc4 f4
22. a5 a6 23. axb6 axb5 24. bxc7 bxc4 25. cxd8=Q Rxd8 26. dxc4 Bg4 27. Qe4 Bf5
28. Qe2 Kh8 29. Bc5 e4 30. Bxe4 Re8 31. f3 fxg3 32. Qg2 Ne5 33. Bd4 Nxf3+ 34.
Qxf3 gxh2+ 35. Kxh2 Bxe4 36. Qg3 Qh5+ 37. Kg1 Qh1+ 38. Kf2 Rf8+ 39. Ke3 Rf3+ 40.
Kxe4 Rf1+ 41. Kd3 Rf3+ 42. Kd2 Rxg3 43. Rxh1 Kh7 44. c5 g5 45. Rb1 1-0

[Event "European Blitz 2015"]
[Site "Minsk BLR"]
[Date "2015.12.18"]
[Round "6.21"]
[White "Dolzhykova, Kateryna"]
[Black "Inarkiev, Ernesto"]
[Result "0-1"]
[WhiteTitle "WIM"]
[BlackTitle "GM"]
[WhiteElo "2247"]
[BlackElo "2668"]
[WhiteFideId "14113414"]
[BlackFideId "4162722"]
[EventDate "2015.12.18"]
[EventType "swiss (blitz)"]

1. e4 e5 2. Nf3 Nc6 3. Bb5 a6 4. Bxc6 dxc6 5. O-O Qf6 6. d3 Bg4 7. Be3 Bd6 8.
Nbd2 c5 9. Re1 Ne7 10. h3 Bd7 11. Nf1 O-O-O 12. Rb1 h6 13. a3 g5 14. b4 cxb4 15.
axb4 Ng6 16. c4 Nf4 17. b5 axb5 18. cxb5 b6 19. Qa4 Bxh3 20. Qa8+ Kd7 21. Qc6+
Ke7 22. gxh3 Nxd3 23. Red1 Nf4 24. Ng3 Nxh3+ 25. Kg2 Nf4+ 26. Bxf4 Qxf4 27. Nf5+
Ke6 28. Ng7+ Ke7 29. Nf5+ Kf6 30. Nxd6 cxd6 31. Rxd6+ Kg7 32. Rxd8 Rxd8 33. Nh2
Rd2 34. Rf1 g4 35. Qxb6 Qxe4+ 36. Kg1 g3 37. Qe3 gxh2+ 38. Kxh2 Qxe3 0-1

[Event "European Blitz 2015"]
[Site "Minsk BLR"]
[Date "2015.12.18"]
[Round "6.22"]
[White "Kulaots, Kaido"]
[Black "Putka, Verners"]
[Result "1-0"]
[WhiteTitle "GM"]
[WhiteElo "2574"]
[BlackElo "2307"]
[WhiteFideId "4500261"]
[BlackFideId "11600659"]
[EventDate "2015.12.18"]
[EventType "swiss (blitz)"]

1. e4 e5 2. Nf3 Nf6 3. Nxe5 d6 4. Nf3 Nxe4 5. d4 d5 6. Bd3 Nc6 7. O-O Be7 8. c4
Nb4 9. Be2 O-O 10. Nc3 Be6 11. Ne5 f6 12. Nf3 Kh8 13. a3 Nxc3 14. bxc3 Nc6 15.
Nd2 Rb8 16. Re1 Qd7 17. Bf3 Rfe8 18. Rxe6 Qxe6 19. cxd5 Qf5 20. dxc6 b5 21. Ne4
Bf8 22. Ng3 Qe6 23. Bf4 Bd6 24. d5 Qe7 25. Nf5 Qf8 26. Nxd6 cxd6 27. h4 a5 28.
Qd4 Qe7 29. Rb1 Qc7 30. h5 Kg8 31. Bg4 h6 32. Be6+ Kh8 33. Qd3 1-0

[Event "European Blitz 2015"]
[Site "Minsk BLR"]
[Date "2015.12.18"]
[Round "6.23"]
[White "Fargere, Francois"]
[Black "Popov, Valerij"]
[Result "0-1"]
[WhiteTitle "GM"]
[BlackTitle "GM"]
[WhiteElo "2424"]
[BlackElo "2528"]
[WhiteFideId "615935"]
[BlackFideId "4119410"]
[EventDate "2015.12.18"]
[EventType "swiss (blitz)"]

1. Nf3 d5 2. g3 c5 3. Bg2 Nc6 4. d4 e6 5. O-O Qb6 6. c4 cxd4 7. cxd5 exd5 8.
Nbd2 Nge7 9. Nb3 Nf5 10. h3 h5 11. Bf4 Be7 12. Ne5 Bf6 13. Nf3 g6 14. Qd2 O-O
15. g4 hxg4 16. hxg4 Nfe7 17. g5 Bg7 18. Bd6 Nf5 19. Bc5 Qd8 20. Nbxd4 Nfxd4 21.
Nxd4 Nxd4 22. Bxd4 Bxd4 23. Qxd4 Qxg5 24. Qxd5 Bf5 25. Rfd1 Rae8 26. e4 Rxe4 27.
Qxb7 Rg4 28. Kf1 Be6 29. Rac1 Bxa2 30. b3 Bxb3 31. Rd2 Qxd2 0-1

[Event "European Blitz 2015"]
[Site "Minsk BLR"]
[Date "2015.12.18"]
[Round "6.24"]
[White "Goganov, Aleksey"]
[Black "Meribanov, Vitaly"]
[Result "0-1"]
[WhiteTitle "GM"]
[BlackTitle "IM"]
[WhiteElo "2597"]
[BlackElo "2392"]
[WhiteFideId "24109959"]
[BlackFideId "13504363"]
[EventDate "2015.12.18"]
[EventType "swiss (blitz)"]

1. d4 Nf6 2. c4 c5 3. d5 b5 4. cxb5 a6 5. bxa6 Bxa6 6. Nc3 g6 7. Nf3 d6 8. e4
Bxf1 9. Kxf1 Bg7 10. g3 Nbd7 11. Kg2 Qa5 12. a4 O-O 13. Qc2 Rfb8 14. Bg5 Qb4 15.
Rab1 Qb3 16. Qxb3 Rxb3 17. Nd2 Rb4 18. b3 h6 19. Bxf6 Bxf6 20. Nb5 Nb6 21. Rhc1
Kg7 22. f4 Bd4 23. Kf3 f5 24. Nc7 Ra7 25. Ne6+ Kf6 26. g4 fxg4+ 27. Ke2 h5 28.
Kd3 Ra8 29. Rf1 h4 30. e5+ dxe5 31. Ne4+ Kf7 32. fxe5+ Kg8 33. d6 exd6 34. exd6
Nd7 35. Rf4 Ra6 36. Kc2 Be5 37. Rxg4 Bxd6 38. Rxg6+ Kf7 39. Rbg1 Rxe4 40. Nd8+
Ke7 41. Nb7 Rb6 42. Rg7+ Ke6 43. Nd8+ Kd5 44. Rd1+ Rd4 45. Rg5+ Ne5 46. Re1 c4
47. bxc4+ Rxc4+ 48. Kd2 Rb2+ 49. Ke3 Rc3+ 50. Kf4 Rf2# 0-1

[Event "European Blitz 2015"]
[Site "Minsk BLR"]
[Date "2015.12.18"]
[Round "6.25"]
[White "Savitskiy, Sergey"]
[Black "Motylev, Alexander"]
[Result "0-1"]
[WhiteTitle "FM"]
[BlackTitle "GM"]
[WhiteElo "2365"]
[BlackElo "2653"]
[WhiteFideId "24105660"]
[BlackFideId "4121830"]
[EventDate "2015.12.18"]
[EventType "swiss (blitz)"]

1. e4 c6 2. d4 d5 3. Nc3 dxe4 4. Nxe4 Bf5 5. Ng3 Bg6 6. Bc4 e6 7. N1e2 Nf6 8.
O-O Bd6 9. f4 Bf5 10. Nxf5 exf5 11. Bd3 g6 12. c4 Nbd7 13. b3 O-O 14. Bb2 Re8
15. Ng3 Ng4 16. Nxf5 gxf5 17. Bxf5 Ne3 18. Bxh7+ Kf8 19. Qh5 Nf6 20. Qh6+ Ke7
21. d5 Nxh7 22. Rfe1 Kd7 23. Qxh7 Qb6 24. Kh1 cxd5 25. cxd5 Re7 26. Qh3+ f5 27.
Bf6 Ng4 28. Rxe7+ Bxe7 29. Bh4 Rh8 30. Qd3 Rxh4 31. Qxf5+ Kd8 32. h3 Nf2+ 33.
Kh2 Nxh3 34. g3 Qf2+ 0-1

[Event "European Blitz 2015"]
[Site "Minsk BLR"]
[Date "2015.12.18"]
[Round "6.26"]
[White "Landa, Konstantin"]
[Black "Dzhangobegov, Vladimir"]
[Result "1-0"]
[WhiteTitle "GM"]
[BlackTitle "FM"]
[WhiteElo "2625"]
[BlackElo "2314"]
[WhiteFideId "4101685"]
[BlackFideId "4180984"]
[EventDate "2015.12.18"]
[EventType "swiss (blitz)"]

1. d4 Nf6 2. Nf3 g6 3. g3 Bg7 4. Bg2 O-O 5. O-O d5 6. Nbd2 a5 7. c4 c5 8. dxc5
Na6 9. cxd5 Qxd5 10. e4 Qxc5 11. Nb3 Qh5 12. e5 Ng4 13. Bf4 a4 14. Na5 Nc5 15.
Nc4 Be6 16. Qe2 Rac8 17. Rac1 b5 18. Nb6 Rb8 19. Rxc5 Rxb6 20. h3 Nh6 21. g4
Bxg4 22. hxg4 Nxg4 23. Nh2 f5 24. exf6 Qxc5 25. fxe7 1-0

[Event "European Blitz 2015"]
[Site "Minsk BLR"]
[Date "2015.12.18"]
[Round "6.27"]
[White "Tokranovs, Dmitrijs"]
[Black "Huzman, Alexander"]
[Result "0-1"]
[BlackTitle "GM"]
[WhiteElo "2179"]
[BlackElo "2581"]
[WhiteFideId "11603011"]
[BlackFideId "2803828"]
[EventDate "2015.12.18"]
[EventType "swiss (blitz)"]

1. e4 e6 2. d4 d5 3. exd5 exd5 4. Nc3 Bb4 5. Bd3 Qf6 6. Ne2 Bf5 7. a3 Bxc3+ 8.
Nxc3 c6 9. Ne2 Nd7 10. Bf4 Ne7 11. Qd2 h6 12. h3 Qg6 13. Bxf5 Nxf5 14. g4 Nh4
15. O-O-O O-O 16. Bg3 Nf3 17. Qe3 Ng5 18. f4 Rfe8 19. Qf2 Ne4 20. Qf3 f5 21. Kb1
Re6 22. Nc1 Qf6 23. Nd3 Rf8 24. Ne5 Nxe5 25. dxe5 Qf7 26. Bh2 b5 27. Rhg1 Kh7
28. Qg2 g6 29. gxf5 Qxf5 30. Qg4 Rf7 31. Rg2 a5 32. Rdg1 a4 33. Qxf5 Rxf5 34.
Re2 Kg7 35. c3 Kf7 36. Kc2 g5 37. fxg5 hxg5 38. Reg2 Rh6 39. Rd1 Rxh3 40. Bg1
Ke6 41. Bd4 Rh4 42. Rdg1 Rh3 43. Re1 Rff3 44. Reg1 c5 0-1

[Event "European Blitz 2015"]
[Site "Minsk BLR"]
[Date "2015.12.18"]
[Round "6.28"]
[White "Zubritskiy, Artyom"]
[Black "Vovk, Orest"]
[Result "1-0"]
[WhiteTitle "FM"]
[WhiteElo "2422"]
[BlackElo "2279"]
[WhiteFideId "4181247"]
[BlackFideId "14113490"]
[EventDate "2015.12.18"]
[EventType "swiss (blitz)"]

1. d4 e5 2. dxe5 Nc6 3. Nf3 Qe7 4. Nc3 Nxe5 5. Nxe5 Qxe5 6. g3 c6 7. Bg2 Nf6 8.
O-O Be7 9. e4 O-O 10. Bf4 Qh5 11. e5 Qxd1 12. Raxd1 Nh5 13. Be3 g6 14. Ne4 Ng7
15. g4 f5 16. exf6 Bxf6 17. Bc5 Bxb2 18. Bxf8 Kxf8 19. Nd6 Ke7 20. Rfe1+ Kd8 21.
f4 Kc7 22. f5 gxf5 23. gxf5 Nh5 24. Re7 Nf6 25. Rf7 Kd8 26. Bf3 b6 27. Nc4 Bc3
28. Bxc6 Rb8 29. Bf3 Ke8 30. Nd6+ Kd8 31. Rd3 Ba1 32. c3 Nh5 33. Bxh5 Ba6 34.
Rd1 Bb2 35. Rf8+ Kc7 36. Rxb8 Kxb8 37. f6 Bxc3 38. f7 Bg7 39. Nf5 Bf8 40. Rxd7
Kc8 41. Rxa7 Bc5+ 42. Kg2 Bb7+ 43. Bf3 Bxf3+ 44. Kxf3 1-0

[Event "European Blitz 2015"]
[Site "Minsk BLR"]
[Date "2015.12.18"]
[Round "6.29"]
[White "Olhovik, Andrei"]
[Black "Kovalev, Vladislav"]
[Result "0-1"]
[BlackTitle "GM"]
[WhiteElo "2308"]
[BlackElo "2546"]
[WhiteFideId "13507397"]
[BlackFideId "13504398"]
[EventDate "2015.12.18"]
[EventType "swiss (blitz)"]

1. d4 Nf6 2. c4 g6 3. Nc3 Bg7 4. e4 d6 5. Nf3 O-O 6. h3 e5 7. d5 Nh5 8. g3 f5 9.
exf5 gxf5 10. Nh4 Nf6 11. Bd3 e4 12. Be2 a5 13. Ng2 Na6 14. Be3 Nc5 15. Nf4 Nfd7
16. Qc2 Ne5 17. O-O-O Ng6 18. Nb5 Nxf4 19. gxf4 Bd7 20. Nd4 Qf6 21. Rdg1 Kh8 22.
Rg3 Rg8 23. Rhg1 a4 24. a3 c6 25. Kb1 cxd5 26. cxd5 Rac8 27. Qd2 Qf7 28. Bc4 Bf6
29. Ba2 Rxg3 30. Rxg3 Rg8 31. Qb4 Rxg3 32. fxg3 Qg7 0-1

[Event "European Blitz 2015"]
[Site "Minsk BLR"]
[Date "2015.12.18"]
[Round "6.30"]
[White "Rozum, Ivan"]
[Black "Gritsenko, Nikolai"]
[Result "0-1"]
[WhiteTitle "GM"]
[BlackTitle "FM"]
[WhiteElo "2559"]
[BlackElo "2309"]
[WhiteFideId "24104272"]
[BlackFideId "14112493"]
[EventDate "2015.12.18"]
[EventType "swiss (blitz)"]

1. d4 d5 2. Nf3 Nc6 3. c4 Bg4 4. Nc3 Bxf3 5. exf3 e6 6. cxd5 exd5 7. Bb5 Qd7 8.
O-O Nge7 9. Re1 O-O-O 10. a3 h6 11. b4 g5 12. Na4 Qd6 13. Bb2 Bg7 14. Rc1 Kb8
15. Nc5 b6 16. Na6+ Kb7 17. Bxc6+ Nxc6 18. b5 Nb8 19. Rxc7+ Ka8 20. Ree7 Rd7 21.
Rexd7 Nxd7 22. Qc2 Nb8 23. Rc8 Qd7 24. Rc3 Nxa6 25. bxa6 Kb8 26. Re3 Rc8 27. Qe2
Bxd4 28. Rd3 Qb5 29. Bxd4 Rc1+ 30. Qd1 Rxd1+ 31. Rxd1 Qxa6 32. g4 Qe2 33. Rc1
Qxf3 34. Be5+ Kb7 35. Rc7+ Ka6 36. Bg3 f5 37. gxf5 h5 38. h4 gxh4 39. Bxh4 Qg4+
40. Bg3 h4 41. f6 hxg3 42. f7 gxf2+ 43. Kxf2 Qf4+ 44. Ke2 Qf6 45. Kd3 Qf3+ 46.
Kd4 Qe4+ 47. Kc3 d4+ 48. Kd2 Qf3 49. Rd7 d3 50. Kc3 b5 51. Kd2 Kb6 52. Kc3 a6
53. Kd2 Ka5 54. Kc3 Ka4 55. Rd6 a5 56. Rd4+ Kxa3 57. Rxd3 Qxf7 58. Kc2+ Ka2 0-1

[Event "European Blitz 2015"]
[Site "Minsk BLR"]
[Date "2015.12.18"]
[Round "6.31"]
[White "Mikhalevski, Victor"]
[Black "Rozhko, Dmitry"]
[Result "1-0"]
[WhiteTitle "GM"]
[BlackTitle "FM"]
[WhiteElo "2535"]
[BlackElo "2313"]
[WhiteFideId "2801914"]
[BlackFideId "4150430"]
[EventDate "2015.12.18"]
[EventType "swiss (blitz)"]

1. c4 c6 2. Nf3 d5 3. g3 Nf6 4. Bg2 g6 5. b3 Bg7 6. O-O Ne4 7. d4 O-O 8. Bb2 a5
9. Nbd2 Bf5 10. Nh4 Nxd2 11. Qxd2 Be6 12. f4 dxc4 13. f5 gxf5 14. Nxf5 Bxf5 15.
Rxf5 e6 16. Rh5 cxb3 17. axb3 Nd7 18. Rg5 f6 19. Rgxa5 Rxa5 20. Qxa5 Qxa5 21.
Rxa5 Nb6 22. e4 Rd8 23. Ra7 Rd7 24. Kf2 Kf7 25. Bh3 Nc8 26. Ra8 Nd6 27. Kf3 Nb5
28. Ra4 Rd8 29. Bg4 f5 30. Bh5+ Ke7 31. e5 Bh6 32. Ke2 Bg5 33. Bf3 Bh6 34. Bg2
Bg5 35. Bf1 Bh6 36. Kf3 Bf8 37. Ke3 Kf7 38. Bc4 Be7 39. Ke2 Rd7 40. Ke3 Rd8 41.
Bxb5 cxb5 42. Ra7 Rd7 43. Ra8 b4 44. Rh8 Kg7 45. Rc8 Kf7 46. Kd3 h5 47. Kc4 h4
48. Bc1 hxg3 49. hxg3 Bf8 50. Bg5 Bg7 51. Rd8 Rc7+ 52. Kxb4 Bf8+ 53. Ka4 Rc3 54.
Bf4 b5+ 55. Kxb5 Rxb3+ 56. Kc4 Ra3 57. Rd7+ Ke8 58. Rb7 Ra4+ 59. Kc3 Ra3+ 60.
Kc4 Ra4+ 61. Kc3 Ra3+ 62. Kc2 Be7 63. Rc7 Rf3 64. Ra7 Kd8 65. Ra5 Kd7 66. d5
exd5 67. Rxd5+ Ke6 68. Ra5 Rf2+ 69. Kd3 Rf3+ 70. Kc4 Rf1 71. Ra6+ Kf7 72. Ra7
Ke6 73. Ra6+ Kf7 74. Kd5 Rd1+ 75. Kc6 Ke6 76. Kc7+ Kf7 77. Rh6 Bd8+ 78. Kc6 Be7
79. Rh7+ Ke6 80. Rh6+ Kf7 81. Kc7 Bd8+ 82. Kc8 Be7 83. Rc6 Rd5 84. e6+ Kf6 85.
Bc1 Rc5 86. Bb2+ Kg5 87. Rxc5 Bxc5 88. Be5 f4 89. gxf4+ Kf5 90. Kd7 1-0

[Event "European Blitz 2015"]
[Site "Minsk BLR"]
[Date "2015.12.18"]
[Round "6.32"]
[White "Shtembuliak, Evgeny"]
[Black "Nazaretyan, Tigran"]
[Result "1/2-1/2"]
[WhiteTitle "FM"]
[WhiteElo "2420"]
[BlackElo "2301"]
[WhiteFideId "14113325"]
[BlackFideId "24162345"]
[EventDate "2015.12.18"]
[EventType "swiss (blitz)"]

1. Nf3 d5 2. g3 c5 3. Bg2 Nc6 4. d4 Bg4 5. dxc5 e6 6. O-O Bxc5 7. c4 Nf6 8. cxd5
Nxd5 9. h3 Bh5 10. a3 a5 11. e4 Nf6 12. Nc3 O-O 13. Qa4 Qb6 14. g4 Bg6 15. Nh4
Rfd8 16. Nxg6 hxg6 17. Qc4 Ne5 18. Qe2 Nd3 19. Na4 Qa6 20. Nxc5 Nxc5 21. Qxa6
Rxa6 22. e5 Nd5 23. Rd1 Nb3 24. Rb1 Rc6 25. Bg5 Rd7 26. Bxd5 exd5 27. Rd3 Nc5
28. Rdd1 Ne6 29. Bd2 a4 30. Rbc1 Rdc7 31. Rxc6 bxc6 32. f4 Rb7 33. Bc3 Nxf4 34.
Kh2 Ne2 35. Bb4 Nf4 36. Rc1 Rb6 37. Rc2 Ne6 38. Kg3 g5 39. h4 gxh4+ 40. Kxh4 g6
41. Kg3 Kg7 42. Rf2 c5 43. Bd2 Rb3+ 44. Kg2 d4 45. Ba5 c4 46. Rd2 d3 47. Bc3 Kf8
48. Kf3 Ke7 49. Ke4 Rb5 50. Rh2 Ng5+ 51. Ke3 Rd5 52. Rh8 Rd8 53. Bb4+ Kd7 54.
Rh2 Ne6 55. Bc3 Kc6 56. Rh7 Rd7 57. Rh8 Kd5 58. Ra8 Nc5 59. Ra5 Kc6 60. Bb4 Nb3
61. Ra6+ Kb5 62. Rd6 Rxd6 63. exd6 Kc6 64. g5 d2 65. Bxd2 Kxd6 66. Bb4+ Kd5 67.
Be7 Nd4 68. Kd2 Ne6 69. Kc3 Nc5 70. Kb4 Nd3+ 71. Kc3 Ke6 72. Bd8 Kd5 73. Be7 Nf2
74. Kb4 Nd1 75. Bf6 Nf2 76. Kxa4 Ne4 77. Bd8 Kd4 78. Kb4 Kd5 79. a4 Nc5 80. a5
Nb7 81. Bf6 Nd6 82. a6 Kc6 83. Be7 Nc8 84. Bd8 Nd6 85. Ka5 Nc8 86. Kb4 Nd6 87.
Kc3 Kd7 88. Bb6 Kc6 89. Bg1 Kd5 90. a7 Nb5+ 91. Kb4 Nc7 92. Bh2 Na8 93. Kb5 Kd4
94. Kc6 Kd3 95. Kb7 Kc2 96. Be5 1/2-1/2

[Event "European Blitz 2015"]
[Site "Minsk BLR"]
[Date "2015.12.18"]
[Round "6.33"]
[White "Potapov, Pavel"]
[Black "Naboka, Sergey"]
[Result "1-0"]
[WhiteTitle "IM"]
[BlackTitle "FM"]
[WhiteElo "2476"]
[BlackElo "2266"]
[WhiteFideId "4169786"]
[BlackFideId "14123452"]
[EventDate "2015.12.18"]
[EventType "swiss (blitz)"]

1. e4 e6 2. d4 d5 3. Nd2 Nf6 4. e5 Nfd7 5. Bd3 c5 6. c3 Nc6 7. Ngf3 Qb6 8. O-O
cxd4 9. cxd4 Nxd4 10. Nxd4 Qxd4 11. Nf3 Qb6 12. Qa4 Qb4 13. Qc2 Nb6 14. Be3 Bd7
15. a3 Qg4 16. h3 Qh5 17. Kh2 f5 18. Qc7 Bc6 19. Bxb6 axb6 20. Nd4 Qf7 21. Qxb6
Rc8 22. Rac1 Be7 23. Nxc6 bxc6 24. Rxc6 O-O 25. Rfc1 Rb8 26. Qd4 Bg5 27. f4 Bd8
28. b4 Re8 29. b5 Qb7 30. a4 Bb6 31. Qb4 Qa7 32. R1c2 Ba5 33. Qc5 Bb6 34. Qb4
Ba5 35. Qb1 Qe3 36. Qf1 Bb6 37. Rd6 Ba5 38. Qf3 Qd4 39. Rcc6 Qxa4 40. Rxe6 Rxe6
41. Rxe6 Bd2 42. g3 Bc1 43. Qxd5 Kh8 44. Rd6 Qa5 45. Be2 Ba3 46. Rd7 Qe1 47.
Rd8+ Bf8 48. Rxb8 Qf2+ 49. Qg2 1-0

[Event "European Blitz 2015"]
[Site "Minsk BLR"]
[Date "2015.12.18"]
[Round "6.34"]
[White "Chizhikov, Vladislav"]
[Black "Sharafiev, Azat"]
[Result "0-1"]
[BlackTitle "IM"]
[WhiteElo "2229"]
[BlackElo "2420"]
[WhiteFideId "4178157"]
[BlackFideId "4186214"]
[EventDate "2015.12.18"]
[EventType "swiss (blitz)"]

1. e4 c5 2. Nf3 e6 3. b3 Nf6 4. e5 Nd5 5. g3 Nc6 6. Bg2 d6 7. exd6 Bxd6 8. O-O
Qf6 9. Nc3 Nxc3 10. dxc3 Qe7 11. Qe2 O-O 12. Ng5 h6 13. Ne4 Bc7 14. Ba3 Bb6 15.
Qe3 e5 16. Bxc5 Bxc5 17. Qxc5 Qc7 18. Nd6 Bd7 19. Rad1 b6 20. Nb5 Qc8 21. Qe3 a6
22. Nd6 Qc7 23. Nc4 Rab8 24. Rd2 b5 25. Nd6 b4 26. cxb4 Rxb4 27. c4 Rbb8 28. Ne4
Nd4 29. Nc3 Rfe8 30. Nd5 Qd6 31. Rc1 Bc6 32. Qd3 a5 33. Re1 Qc5 34. Nc3 a4 35.
Bxc6 Qxc6 36. Qe4 Nf3+ 37. Kh1 Qxe4 38. Nxe4 Nxe1 39. Rd7 axb3 40. axb3 Rxb3 41.
c5 Rb1 42. h4 Rc1 43. Ra7 Nd3+ 44. Kg2 Nxc5 45. Rc7 Nd3 46. Ra7 Rcc8 47. Nd6 Ra8
48. Rc7 Rf8 49. Nf5 h5 50. Rd7 Nc5 51. Rd5 Ne6 52. Rxe5 g6 53. Ne3 Kg7 54. Rb5
Rfb8 55. Rd5 Rb2 56. Nc4 Rc2 57. Ne3 Re2 58. Kf1 Raa2 59. Nd1 Red2 0-1

[Event "European Blitz 2015"]
[Site "Minsk BLR"]
[Date "2015.12.18"]
[Round "6.35"]
[White "Stupak, Kirill"]
[Black "Harshkou, Mikita"]
[Result "1-0"]
[WhiteTitle "GM"]
[WhiteElo "2542"]
[BlackElo "2300"]
[WhiteFideId "13503758"]
[BlackFideId "13504770"]
[EventDate "2015.12.18"]
[EventType "swiss (blitz)"]

1. g3 e6 2. Bg2 f5 3. d4 Nf6 4. Nf3 d6 5. O-O Be7 6. c4 O-O 7. b4 a5 8. b5 Ne4
9. Bb2 Bf6 10. Nfd2 Nxd2 11. Nxd2 e5 12. dxe5 dxe5 13. c5 e4 14. Qb3+ Kh8 15.
Rfd1 Bxb2 16. Qxb2 Qe7 17. Qd4 Nd7 18. Rac1 Ne5 19. Nb1 Ng4 20. Nc3 Be6 21. h3
Nf6 22. Qe5 Rac8 23. c6 b6 24. e3 Rcd8 25. Ne2 Qf7 26. Nd4 Bxa2 27. Nxf5 Bc4 28.
g4 Bd3 29. Ra1 Rd5 30. Qg3 Rxb5 31. Nd4 Rd5 32. Qf4 Rc5 33. g5 Nd5 34. Qxf7 Rxf7
35. Ne6 Rc2 36. Nd4 Rcxf2 37. Re1 Nc3 38. Ne6 Ne2+ 39. Kh2 Nc3 40. Nf4 Rb2 41.
Kg1 a4 42. Bf1 Bxf1 43. Rxf1 Rxf4 44. exf4 e3 45. Rfe1 e2 46. Kf2 Rb3 47. Rec1
a3 48. Ke1 a2 49. Kd2 Rb1 50. Kxc3 Rb5 51. Re1 Rc5+ 52. Kd4 Rxc6 53. Rxa2 Kg8
54. Rexe2 Kf7 55. Rec2 1-0

[Event "European Blitz 2015"]
[Site "Minsk BLR"]
[Date "2015.12.18"]
[Round "6.36"]
[White "Pavlidis, Anastasios"]
[Black "Harutjunyan, Gevorg"]
[Result "0-1"]
[WhiteTitle "IM"]
[BlackTitle "GM"]
[WhiteElo "2410"]
[BlackElo "2436"]
[WhiteFideId "4208404"]
[BlackFideId "13300873"]
[EventDate "2015.12.18"]
[EventType "swiss (blitz)"]

1. d4 Nf6 2. c4 g6 3. Nc3 Bg7 4. e4 d6 5. f4 O-O 6. Nf3 c5 7. Be2 cxd4 8. Nxd4
Nc6 9. Be3 Bd7 10. O-O Rc8 11. b3 a6 12. Rc1 e6 13. Kh1 Re8 14. Bf3 Qa5 15. Nde2
Bf8 16. Qe1 b5 17. cxb5 axb5 18. Qf2 Qa6 19. g4 b4 20. Na4 d5 21. e5 Ne4 22.
Bxe4 dxe4 23. Rfd1 Nb8 24. Nc5 Bxc5 25. Bxc5 Qxa2 26. f5 exf5 27. gxf5 Bxf5 28.
Ng3 Qxf2 29. Bxf2 Bg4 30. Re1 Bf3+ 31. Kg1 Rxc1 32. Rxc1 Nd7 33. Rc4 Nxe5 34.
Rxb4 Nd3 35. Rd4 f5 36. Nf1 f4 37. h4 Rb8 38. Nd2 Ne5 39. Kf1 e3 40. Nxf3 Nxf3
41. Rxf4 Nd2+ 42. Ke2 exf2 43. Kxd2 Rxb3 44. Rxf2 Rh3 45. Rf4 Kg7 46. Ke2 Kh6
47. Kf2 Kh5 48. Rf7 h6 49. Kg2 Rxh4 50. Ra7 Re4 51. Kg3 g5 52. Ra5 Re3+ 53. Kh2
Kh4 54. Ra6 h5 55. Ra5 Re2+ 56. Kh1 g4 57. Ra4 Kh3 58. Ra3+ g3 59. Ra1 Rf2 60.
Rb1 Kg4 61. Rb4+ Rf4 62. Rb1 h4 63. Kg1 h3 64. Rb2 Rd4 65. Rb1 Rd3 66. Kh1 Kf3
67. Rf1+ Ke2 68. Rg1 Rd1 0-1

[Event "European Blitz 2015"]
[Site "Minsk BLR"]
[Date "2015.12.18"]
[Round "6.37"]
[White "Polivanov, Anatoliy"]
[Black "Sivuk, Vitaly"]
[Result "1-0"]
[WhiteTitle "IM"]
[BlackTitle "GM"]
[WhiteElo "2426"]
[BlackElo "2552"]
[WhiteFideId "14109468"]
[BlackFideId "14116502"]
[EventDate "2015.12.18"]
[EventType "swiss (blitz)"]

1. e4 e5 2. Nf3 Nc6 3. Bc4 Be7 4. d4 d6 5. d5 Nb8 6. h3 Nf6 7. Bd3 O-O 8. c4 c6
9. Nc3 Nbd7 10. Be3 Nc5 11. Bxc5 dxc5 12. Nxe5 Bd6 13. Nf3 Re8 14. O-O Nd7 15.
Qd2 Qf6 16. Rae1 Bf4 17. Qc2 h6 18. Ne2 Bc7 19. Ng3 g6 20. Kh1 Kg7 21. Nh2 h5
22. f4 Qh4 23. Qf2 Kg8 24. e5 Nf8 25. Nf3 Qxf4 26. Re4 Qh6 27. Ng5 Qg7 28. Nxf7
Nh7 29. Nh6+ Kh8 30. Nf7+ Kg8 31. e6 b5 32. b3 bxc4 33. bxc4 cxd5 34. cxd5 Bb7
35. d6 Bb6 36. Bc4 Bxe4 37. Nxe4 Qd4 38. Qxd4 cxd4 39. d7 Re7 40. Ned6 Rf8 41.
Nc8 Rexf7 1-0

[Event "European Blitz 2015"]
[Site "Minsk BLR"]
[Date "2015.12.18"]
[Round "6.38"]
[White "Ladva, Ottomar"]
[Black "Shevchenko, Kirill"]
[Result "0-1"]
[WhiteTitle "IM"]
[BlackTitle "FM"]
[WhiteElo "2401"]
[BlackElo "2373"]
[WhiteFideId "4500024"]
[BlackFideId "14129574"]
[EventDate "2015.12.18"]
[EventType "swiss (blitz)"]

1. Nf3 Nf6 2. c4 e6 3. g3 Be7 4. Bg2 O-O 5. O-O d5 6. d4 dxc4 7. Ne5 c5 8. dxc5
Qc7 9. Nxc4 Qxc5 10. b3 Rd8 11. Qc2 Qh5 12. h3 e5 13. g4 Bxg4 14. hxg4 Nxg4 15.
Rd1 Nc6 16. Nc3 Nd4 17. Qe4 f5 18. Qxb7 Nxe2+ 19. Kf1 Nxc3 20. Rxd8+ Rxd8 21.
Bd2 Nh2+ 22. Kg1 Ne2+ 0-1

[Event "European Blitz 2015"]
[Site "Minsk BLR"]
[Date "2015.12.18"]
[Round "6.39"]
[White "Lojko, Alexej"]
[Black "Grishchenko, Sergey1"]
[Result "1-0"]
[BlackTitle "IM"]
[WhiteElo "2214"]
[BlackElo "2442"]
[WhiteFideId "24146200"]
[BlackFideId "4136730"]
[EventDate "2015.12.18"]
[EventType "swiss (blitz)"]

1. d4 d5 2. c4 dxc4 3. e3 Nf6 4. Bxc4 e6 5. Nf3 a6 6. a3 c5 7. O-O Qc7 8. Ba2 b5
9. Qe2 Bb7 10. Rd1 Nbd7 11. Nbd2 cxd4 12. Nxd4 Bd6 13. h3 O-O 14. b4 Nd5 15. Bb2
Ne5 16. Rac1 Qe7 17. N2f3 Qf6 18. Nxe5 Qxe5 19. Nf3 Qh5 20. Bxd5 exd5 21. Bd4
Rfe8 22. Bc5 Bb8 23. Rd4 Be5 24. Rg4 Rac8 25. Rd1 Bf6 26. Bd4 Bxd4 27. Rgxd4 Rc4
28. Kf1 Rec8 29. Nd2 Rc2 30. Qxh5 Rc1 31. Rxc1 Rxc1+ 32. Ke2 g6 33. Qg5 Kg7 34.
Qe5+ 1-0